[Event "17th Caspian Cup-Masters 2019"]
[Site "Anzali"]
[Date "2019.02.13"]
[Round "2.8"]
[White "Atakhan, Abtin"]
[Black "Pour Agha Bala, Amirreza"]
[Result "1/2-1/2"]
[WhiteElo "2179"]
[BlackElo "2362"]
[Annotator "NA"]
[PlyCount "89"]
[EventDate "2019.02.12"]
[EventType "swiss"]
[EventRounds "9"]
[EventCountry "IRI"]
[SourceTitle "playchess.com"]
[Source "ChessBase"]
[SourceQuality "1"]
[TimeControl "5400+30"]

1. c4 {[%emt 0:00:00]} Nf6 {[%emt 0:00:00]} 2. Nf3 {[%emt 0:00:00]} g6 {[%emt 0:00:00]} 3. b4 {[%emt 0:00:00]} Bg7 {[%emt 0:01:01]} 4. Bb2 {[%emt 0:00:00]} O-O {[%emt 0:00:07]} 5. g3 {[%emt 0:00:00]} d6 {[%emt 0:03:15]} 6. Bg2 {[%emt 0:00:02]} e5 {[%emt 0:00:29]} 7. d3 {[%emt 0:00:26]} Re8 {[%emt 0:02:58]} 8. Nfd2 {[%emt 0:04:25]} c6 {[%emt 0:02:37]} 9. O-O {[%emt 0:01:46]} a5 {[%emt 0:08:05]} 10. a3 {[%emt 0:04:56]} axb4 {[%emt 0:03:00]} 11. axb4 {[%emt 0:00:02]} Rxa1 {[%emt 0:00:28]} 12. Bxa1 {[%emt 0:00:02]} Qb6 {[%emt 0:02:48]} 13. Qa4 {[%emt 0:08:04]} Na6 {[%emt 0:02:24]} 14. Bc3 d5 {[%emt 0:09:43]} 15. cxd5 {[%emt 0:04:12]} cxd5 {[%emt 0:00:19]} 16. Bxd5 {[%emt 0:00:38]} Bd7 {[%emt 0:00:18]} 17. Qb3 {[%emt 0:00:50]} Nxd5 {[%emt 0:00:09]} 18. Qxd5 {[%emt 0:00:01]} Bh3 {[%emt 0:07:27]} 19. Nc4 {[%emt 0:02:14]} Qc7 {[%emt 0:00:16]} 20. Rc1 {[%emt 0:01:05]} Rd8 {[%emt 0:05:41]} 21. Qa5 {[%emt 0:01:31]} Qc8 {[%emt 0:04:47]} 22. Nbd2 {[%emt 0:20:37]} Qa8 {[%emt 0:09:25]} 23. Qb6 {[%emt 0:07:06]} Rc8 {[%emt 0:01:38]} 24. b5 {[%emt 0:08:24]} Nc7 {[%emt 0:01:34]} 25. Ra1 {[%emt 0:04:35]} Qb8 {[%emt 0:00:06]} 26. e4 {[%emt 0:05:21]} Ne6 {[%emt 0:03:05]} 27. Nf3 {[%emt 0:02:54]} Rd8 {[%emt 0:04:38]} 28. Qe3 {[%emt 0:05:24]} Nd4 {[%emt 0:06:23]} 29. Bxd4 {[%emt 0:00:31]} exd4 {[%emt 0:00:01]} 30. Qe1 {[%emt 0:02:37]} Be6 {[%emt 0:00:27]} 31. Nfd2 {[%emt 0:00:13]} h5 {[%emt 0:01:11]} 32. f4 {[%emt 0:01:39]} f5 {[%emt 0:01:30]} 33. e5 {[%emt 0:02:46]} Qc7 {[%emt 0:00:54]} 34. Rc1 {[%emt 0:02:03]} Qc5 {[%emt 0:03:00]} 35. Rb1 {[%emt 0:04:18]} Bf8 {[%emt 0:04:18]} 36. h4 {[%emt 0:00:36]} Ra8 {[%emt 0:03:23]} 37. Rb2 {[%emt 0:01:16]} Bd7 {[%emt 0:00:30]} 38. Qb1 {[%emt 0:02:08]} Be7 {[%emt 0:00:49]} 39. Kh2 {[%emt 0:01:16]} Kg7 {[%emt 0:00:45]} 40. Kg1 {[%emt 0:02:19]} Ra7 {[%emt 0:05:17]} 41. Nb3 {[%emt 0:01:42]} Qxb5 {[%emt 0:02:06]} 42. Nba5 {[%emt 0:00:15]} Qa4 {[%emt 0:01:29]} 43. Ra2 {[%emt 0:00:07]} Qb4 {[%emt 0:00:29]} 44. Rb2 {[%emt 0:00:16]} Qa4 {[%emt 0:00:43]} 45. Ra2 {[%emt 0:01:00]} 1/2-1/2

[Event "17th Caspian Cup-Masters 2019"]
[Site "Anzali"]
[Date "2019.02.13"]
[Round "2.9"]
[White "Daghli, Arash"]
[Black "Babaniya, Benyamin"]
[Result "1-0"]
[WhiteElo "2354"]
[BlackElo "2184"]
[Annotator "NA"]
[PlyCount "65"]
[EventDate "2019.02.12"]
[EventType "swiss"]
[EventRounds "9"]
[EventCountry "IRI"]
[SourceTitle "playchess.com"]
[Source "ChessBase"]
[SourceQuality "1"]
[TimeControl "5400+30"]

1. Nf3 Nf6 {[%emt 0:03:41]} 2. c4 {[%emt 0:00:00]} e6 {[%emt 0:00:39]} 3. g3 {[%emt 0:00:27]} d5 {[%emt 0:00:17]} 4. Bg2 {[%emt 0:00:10]} Be7 {[%emt 0:00:08]} 5. O-O {[%emt 0:00:23]} O-O {[%emt 0:00:09]} 6. b3 {[%emt 0:00:05]} b6 {[%emt 0:09:57]} 7. Bb2 {[%emt 0:00:35]} Bb7 {[%emt 0:02:00]} 8. e3 {[%emt 0:00:30]} Nbd7 {[%emt 0:01:34]} 9. Nc3 {[%emt 0:00:54]} c5 {[%emt 0:12:56]} 10. Qe2 {[%emt 0:00:40]} Rc8 {[%emt 0:01:54]} 11. Rad1 {[%emt 0:10:55]} Qc7 12. Nh4 {[%emt 0:08:53]} dxc4 {[%emt 0:11:05]} 13. bxc4 {[%emt 0:00:10]} Bxg2 {[%emt 0:00:17]} 14. Nxg2 {[%emt 0:00:01]} Rfd8 {[%emt 0:07:33]} 15. d3 {[%emt 0:00:57]} Nb8 {[%emt 0:04:07]} 16. f4 {[%emt 0:00:25]} Nc6 {[%emt 0:00:51]} 17. g4 {[%emt 0:00:10]} Ne8 {[%emt 0:02:59]} 18. h4 {[%emt 0:07:50]} Qd7 {[%emt 0:04:15]} 19. a3 {[%emt 0:06:03]} a6 {[%emt 0:03:08]} 20. h5 {[%emt 0:04:24]} f6 {[%emt 0:11:25]} 21. f5 {[%emt 0:07:14]} h6 {[%emt 0:02:34]} 22. Nf4 {[%emt 0:18:38]} Nc7 {[%emt 0:01:27]} 23. fxe6 {[%emt 0:06:51]} Nxe6 {[%emt 0:00:05]} 24. Ncd5 {[%emt 0:00:31]} Rb8 {[%emt 0:05:09]} 25. Ng6 {[%emt 0:01:55]} Nc7 {[%emt 0:00:08]} 26. Rf5 {[%emt 0:03:37]} Nxd5 {[%emt 0:04:57]} 27. cxd5 {[%emt 0:02:04]} Na7 {[%emt 0:00:45]} 28. e4 {[%emt 0:01:51]} Bd6 {[%emt 0:01:27]} 29. Rdf1 {[%emt 0:02:18]} Nc8 {[%emt 0:00:34]} 30. g5 {[%emt 0:00:45]} hxg5 {[%emt 0:01:29]} 31. h6 {[%emt 0:00:30]} Ne7 {[%emt 0:00:52]} 32. h7+ {[%emt 0:00:25]} Kf7 {[%emt 0:03:50]} 33. Rxf6+ {[%emt 0:00:17]} 1-0

[Event "17th Caspian Cup-Masters 2019"]
[Site "Anzali"]
[Date "2019.02.14"]
[Round "3.1"]
[White "Lomsadze, Davit"]
[Black "Grigoryan, Karen H."]
[Result "1/2-1/2"]
[WhiteElo "2286"]
[BlackElo "2590"]
[Annotator "TA"]
[PlyCount "99"]
[EventDate "2019.02.12"]
[EventType "swiss"]
[EventRounds "9"]
[EventCountry "IRI"]
[SourceTitle "playchess.com"]
[Source "ChessBase"]
[SourceQuality "1"]

{[%evp 16,99,1,0,11,4,4,4,13,6,19,0,0,0,-2,-11,0,0,0,-25,-5,-5,-2,-3,-5,-2,2,-12,-8,-17,-14,-25,-27,-20,-23,-25,-23,-49,-29,-27,-4,-11,0,0,0,0,0,0,0,0,0,0,0,0,0,0,0,0,0,0,0,0,0,-10,0,0,0,0,0,0,0,0,0,0,0,0,0,0,0,0,0,0,0,0,0,0]} 1. Nf3 d5 2. g3 Nf6 3. Bg2 c6 4. O-O Bg4 5. d4 Nbd7 6. Nbd2 e6 7. Re1 Be7 8. c3 O-O 9. e4 a5 {D02: 1 d4 d5 2 Nf3 sidelines, including 2...Nf6 3 g3 and 2...Nf6 3 Bf4} (9... dxe4 10. Nxe4 Nxe4 11. Rxe4 Bxf3 12. Qxf3 Bg5 13. h4 Bxc1 14. Rxc1 Nf6 15. Re5 Nd7 16. Re3 Qa5 17. a3 Qb5 18. Rc2 a5 19. c4 {1-0 (43) Artemiev,V (2709)-Navara,D (2736) Skopje 2018}) 10. h3 Bh5 11. a4 Bg6 $146 {[%cal Rf6e4]} ({Predecessor:} 11... dxe4 12. Nxe4 Nxe4 13. Bf1 {½-½ (13) Strikovic,A (2523)-Korneev,O (2537) Malaga 2009}) 12. exd5 cxd5 13. Ne5 Nxe5 14. dxe5 Nd7 15. Nb3 Nc5 16. Nxc5 Bxc5 17. Qb3 Qb6 18. Qxb6 Bxb6 19. Be3 Bxe3 20. Rxe3 Rac8 21. Bf1 Bc2 22. Bb5 Bb3 23. Ra3 Bc4 24. Bxc4 Rxc4 $11 {[%mdl 4096] Endgame KRR-KRR} 25. Rd3 Rb8 26. Kg2 g5 27. Kf3 b5 28. axb5 {The position is equal.} Rxb5 29. b3 $1 {[%cal Rb3c4]} Rc8 30. Kg4 h6 31. Kh5 Kg7 32. h4 Rbc5 33. hxg5 hxg5 34. Kxg5 Rxc3 35. Rxc3 Rxc3 36. Rxa5 {KR-KR} Rf3 37. Ra2 $1 Rf5+ 38. Kg4 {[#] Strongly threatening f4.} Rxe5 39. f3 Re3 40. Rb2 $1 f5+ 41. Kf4 d4 {[#] White must now prevent ...Kf6.} 42. g4 fxg4 43. Kxg4 Kf6 44. b4 {[%cal Bb3b4,Bb4b5,Bb5b6,Bb6b7][%mdl 32]} Ke5 {Hoping for ...d3.} 45. b5 {And now b6 would win.} Re1 46. b6 Rg1+ 47. Kh3 Rg8 48. b7 Rb8 49. Kg3 Kd5 50. f4 {Accuracy: White = 68%, Black = 73%.} 1/2-1/2

[Event "17th Caspian Cup-Masters 2019"]
[Site "Anzali"]
[Date "2019.02.14"]
[Round "3.2"]
[White "Mikaelyan, Arman"]
[Black "Nazari, Arad"]
[Result "1/2-1/2"]
[WhiteElo "2465"]
[BlackElo "2210"]
[Annotator "TA"]
[PlyCount "47"]
[EventDate "2019.02.12"]
[EventType "swiss"]
[EventRounds "9"]
[EventCountry "IRI"]
[SourceTitle "playchess.com"]
[Source "ChessBase"]
[SourceQuality "1"]

{[%evp 20,47,68,68,76,60,113,73,113,103,99,80,126,123,112,106,110,89,77,90,78,47,40,7,7,7,7,7,14,5]} 1. Nf3 Nf6 2. c4 g6 3. b3 Bg7 4. Bb2 d6 5. g3 O-O 6. Bg2 Nbd7 7. d4 e5 8. dxe5 Ng4 9. O-O Ngxe5 10. Nxe5 Nxe5 11. Nc3 {[%cal Bb1c3,Bc3d5,Bd5f6][%mdl 32]} Be6 {E60: King's Indian: Unusual lines and Fianchetto Variation without Nc3} (11... Rb8 12. Qd2 a6 13. Rad1 Be6 14. f4 Nd7 15. e4 f5 16. exf5 Bxf5 17. Rfe1 Nf6 18. Nd5 Bg4 19. Rc1 c6 20. Ne3 Qd7 21. Nxg4 Nxg4 22. Bxg7 Kxg7 {½-½ (37) Lodici,L (2441)-Sengupta,D (2565) Pardubice 2018}) 12. Qd2 ({Don't play} 12. Bxb7 $6 Rb8 $11) 12... Qc8 (12... c6 $14) 13. Nd5 Nc6 $146 {White is better.} ({Predecessor:} 13... Re8 14. f4 Bxd5 15. Bxd5 Nd7 16. f5 Bxb2 17. fxg6 {1-0 (18) Pelantakis,M (1799)-Kouvidis,I (2060) Rethymno 2019}) 14. Rac1 Qd8 15. e4 Ne7 16. Nf6+ Kh8 17. f4 {[#] f5! is the strong threat.} Ng8 18. Nxg8 (18. Nd5 {is interesting.} Bxb2 19. Qxb2+ f6 20. Ne3 Nh6 21. Rcd1) 18... Bxb2 19. Qxb2+ Kxg8 20. f5 Bd7 21. f6 Re8 {The position is equal.} 22. e5 Rxe5 23. Bxb7 Rb8 24. Bg2 {Accuracy: White = 50%, Black = 34%.} 1/2-1/2

[Event "17th Caspian Cup-Masters 2019"]
[Site "Anzali"]
[Date "2019.02.14"]
[Round "3.3"]
[White "Khoshkalam, Seyed Mehrab"]
[Black "Daghli, Arash"]
[Result "1/2-1/2"]
[WhiteElo "2263"]
[BlackElo "2354"]
[Annotator "TA"]
[PlyCount "124"]
[EventDate "2019.02.12"]
[EventType "swiss"]
[EventRounds "9"]
[EventCountry "IRI"]
[SourceTitle "playchess.com"]
[Source "ChessBase"]
[SourceQuality "1"]

{[%evp 16,124,24,-10,-14,-17,0,0,0,-6,13,-2,8,0,35,28,30,35,34,34,38,18,18,18,55,49,50,36,86,81,92,95,83,64,85,0,0,0,43,33,37,44,44,0,0,0,0,0,0,0,0,0,0,0,0,0,115,0,0,0,0,0,0,0,0,0,0,-51,-56,-58,-21,-29,-21,-21,0,0,0,0,0,0,0,0,0,0,0,0,0,0,0,0,0,0,0,-60,-18,-62,-56,-83,-66,-77,0,-23,0,-85,-80,-39,0,-15,0,-22,0]} 1. e4 e5 2. Nf3 Nc6 3. Bc4 Nf6 4. d3 h6 5. c3 d6 {[%cal Bd7d6,Bd6d5][%mdl 32]} 6. Bb3 g6 {C55: Two Knights: 4 d3, 4 d4 exd4 5 e5 and Max Lange Attack} 7. Nbd2 Bg7 8. h3 (8. Nc4 Be6 9. O-O O-O 10. Re1 Re8 11. a4 a5 12. h3 Qd7 13. Ne3 d5 14. exd5 Nxd5 {½-½ (44) Wan,Y (2499)-Yu,Y (2759) Hangzhou 2018}) 8... O-O 9. Nf1 {LiveBook: 4 Games} d5 10. Ng3 Be6 11. O-O a6 $146 ({Predecessor:} 11... dxe4 12. dxe4 Qe7 13. Be3 Nd7 14. Bxe6 Qxe6 {1-0 (55) Djurovic,G (2328)-Krnic,I (2170) Split 2011}) 12. Re1 Re8 13. Bc2 Qd7 14. d4 exd4 15. e5 Ne4 16. cxd4 Nxg3 17. fxg3 Nb4 18. Ba4 b5 19. a3 a5 20. Bb3 $1 Na6 {[%cal Bb4a6,Ba6c5,Bc5d3][%mdl 32]} 21. Be3 Rac8 22. Qd2 a4 23. Bc2 ({Inferior is} 23. Bxh6 axb3 24. Bxg7 Kxg7 $17) 23... h5 24. Qa5 Ra8 {[%cal Bc8a8,Ba8b8,Bb8b3][%mdl 32]} 25. Bd3 (25. Rac1 $16) 25... Nc5 $1 $11 26. Qxb5 Nxd3 27. Qxd3 Rab8 28. Qd2 Rb3 29. Bh6 Bxh3 30. Bxg7 Kxg7 31. Re3 Rxe3 $1 32. Qxe3 Bf5 33. Rf1 Rb8 34. Rf2 Rb3 35. Qg5 Qe6 (35... Rd3 $11) 36. Qd8 (36. Nh4 $16 Be4 37. g4) 36... Qd7 $1 {[%cal Rd7d8]} 37. Qf6+ Kg8 38. Nh4 {[%cal Rf2f5]} Be4 39. Kh2 Rb6 40. Qg5 Kg7 41. Rf6 (41. Nf3 $11) 41... Qg4 $15 (41... Rxb2 42. e6 $1 $18 {[%mdl 512]}) 42. Qc1 $1 {[%cal Rc1c7]} Rxf6 43. exf6+ Kxf6 {...g5 is the strong threat.} 44. Qxc7 {[%csl Gd4][%cal Rc7e5]} Kg7 45. Qe5+ Kg8 46. Qe8+ Kg7 47. Qe5+ Kg8 48. Qe8+ Kg7 49. Qe5+ Kh7 50. Qe8 Qe6 51. Qxa4 g5 $36 {[%mdl 2048] Black has good play.} 52. Qd1 $1 {[%cal Rd1h5]} gxh4 53. Qxh5+ Kg7 {aiming for ...hxg3+.} 54. gxh4 (54. Qg5+ $11 Bg6 55. gxh4) 54... Qb6 55. Qe5+ f6 56. Qe7+ {[#]} Kg6 $1 57. Qe8+ Kg7 (57... Kf5 $17 58. Qh5+ Kf4 59. Qh6+ Kg4 60. Qg7+ Kxh4 61. g3+ Kh5) 58. Qe7+ $11 Kg6 (58... Kh6 $11 59. Qf8+ Kh5 60. Qh8+ Kg4 61. Qg7+ Kxh4 62. g3+ Kh5) 59. Qe8+ $17 Kf5 60. Qc8+ Kg6 61. Qe8+ Kg7 62. Qe7+ Kg6 {Precision: White = 58%, Black = 53%.} 1/2-1/2

[Event "17th Caspian Cup-Masters 2019"]
[Site "Anzali"]
[Date "2019.02.14"]
[Round "3.4"]
[White "Aminikiasari, Amer"]
[Black "Asgari, Morteza"]
[Result "1/2-1/2"]
[WhiteElo "2318"]
[BlackElo "2175"]
[Annotator "TA"]
[PlyCount "107"]
[EventDate "2019.02.12"]
[EventType "swiss"]
[EventRounds "9"]
[EventCountry "IRI"]
[SourceTitle "playchess.com"]
[Source "ChessBase"]
[SourceQuality "1"]

{[%evp 9,107,1,14,1,58,56,54,48,54,50,53,48,47,35,50,41,40,46,68,55,54,43,83,39,50,24,59,49,57,58,58,49,84,26,44,0,0,0,0,0,0,0,0,0,0,0,0,-14,0,-18,0,0,0,0,0,0,0,0,0,-17,-22,-18,-17,-16,0,0,0,0,0,0,0,-77,0,-10,0,0,0,-31,-41,-34,-34,-36,0,0,0,0,0,0,18,0,0,-327,0,0,0,-259,18,0,0,0]} 1. b3 e5 2. Bb2 Nc6 3. e3 Nf6 4. Nf3 e4 5. Nd4 d5 6. c4 {A01: Nimzowitsch-Larsen Opening} (6. Nxc6 bxc6 7. Be2 Bd6 8. O-O h5 9. h3 Ng4 10. g3 Ne5 11. Kg2 Qd7 12. Rh1 h4 13. g4 f5 14. Bxe5 Bxe5 {0-1 (28) Chirila,I (2557)-Holt,C (2578) chess.com INT 2018}) 6... Bg4 (6... Nb4 $11) 7. Nxc6 $14 bxc6 8. Be2 $146 {White is slightly better.} ({Predecessor:} 8. Qc2 Be7 9. Nc3 O-O 10. h3 Be6 11. Be2 a5 12. Na4 Nd7 13. O-O Bd6 {½-½ (46) Haborak,K (2092)-Tauber,M (2110) Slovakia 2017}) 8... Bxe2 9. Qxe2 Be7 10. O-O O-O 11. d3 Qd7 12. Nc3 dxc4 13. dxc4 Rfd8 14. Rad1 Qf5 15. h3 h5 16. Rxd8+ Rxd8 17. Rd1 Bd6 18. Na4 Re8 19. Bxf6 gxf6 20. c5 Be5 21. h4 (21. Nb2 $16) 21... Kh8 22. g3 Rg8 23. Kg2 Rg4 24. Rh1 Kh7 25. Qd1 Kh6 26. Qe2 Rg8 27. Qd1 Kh7 28. Qe2 Rd8 29. Rc1 Rg8 30. Rh1 Kh6 31. Qd1 Rg6 32. Qe2 Rg7 33. Qd1 Rg8 {[%cal Bg7g8,Bg8d8,Bd8d3][%mdl 32]} 34. Qe2 Rd8 35. Rc1 Rd3 36. Rc2 Qd7 37. Nb2 Bxb2 38. Rxb2 $11 {[%mdl 4096] Endgame KQR-KQR} Qd5 39. Rc2 f5 40. Qe1 (40. Kh2 $11 {keeps the balance.}) 40... Kg6 (40... f4 $1 $17) 41. Kh2 Qd7 42. Qb4 Rd1 43. Qb8 {Black should prevent Qg8+.} Kg7 {Strongly threatening ...Qd3.} 44. Qb4 $1 ({But not} 44. Qxa7 $2 Qd3 $19) 44... Qd3 45. Qc4 Qd7 46. Qc3+ f6 47. Kg2 Kg6 48. Qc4 Kg7 49. Rc1 Rd2 50. Rc2 $2 {[%mdl 8192] [#]} (50. a3 $11 {and White is okay.}) 50... Rd3 $2 (50... f4 $1 $19 {[%cal Rf4f3][%mdl 512] aiming for ...f3+.} 51. Rxd2 (51. exf4 $2 e3 $19) 51... f3+ 52. Kg1 Qxd2) 51. Rc1 Rd2 52. Rc2 $2 {[%mdl 8192] [#]} (52. a3 $11) 52... Rd1 $2 (52... f4 $1 $19 {[%cal Rf4f3][%mdl 512] And now ...f3+ would win.} 53. Rxd2 (53. exf4 $2 e3 $19) 53... f3+ 54. Kg1 Qxd2) 53. Rc1 Rd2 54. Rf1 {Accuracy: White = 50%, Black = 51%.} 1/2-1/2

[Event "17th Caspian Cup-Masters 2019"]
[Site "Anzali"]
[Date "2019.02.14"]
[Round "3.5"]
[White "Moradi, Behrooz"]
[Black "Mosadeghpour, Masoud"]
[Result "1-0"]
[WhiteElo "2178"]
[BlackElo "2531"]
[Annotator "TA"]
[PlyCount "146"]
[EventDate "2019.02.12"]
[EventType "swiss"]
[EventRounds "9"]
[EventCountry "IRI"]
[SourceTitle "playchess.com"]
[Source "ChessBase"]
[SourceQuality "1"]

{[%evp 20,146,29,19,20,6,31,0,0,0,40,35,54,25,134,134,134,135,115,119,147,29,102,105,121,72,72,72,110,97,95,100,89,90,119,104,120,112,128,13,5,0,221,31,104,83,190,31,26,32,52,6,6,0,0,0,9,0,0,0,0,-344,-344,-317,-83,-83,-56,-150,-146,-133,-126,-131,-121,-111,-116,-99,-73,-74,-61,-66,-8,-13,0,0,0,0,0,0,0,-38,-30,-31,-31,-29,-34,-38,-37,-70,-52,-424,-335,-291,-317,-697,-687,-656,-662,-1240,-1173,-1435,-1435,-1366,-1308,-1214,-492,-1060,-888,-770,-706,-29977,-29978,-29983,-29984,-29984,-29985,-29985,-29986,-29986,-29987]} 1. e4 c5 2. Nf3 d6 3. d4 cxd4 4. Nxd4 Nf6 5. Nc3 Nc6 6. f3 e5 7. Nb3 Be7 8. Be3 O-O 9. Qd2 a5 10. Bb5 Na7 11. Bd3 Be6 {B56: Classical Sicilian: Unusual Lines} 12. O-O (12. Rd1 Nc8 13. O-O a4 14. Nc1 Nb6 15. Qf2 Nfd7 16. a3 Ra5 17. N1a2 Bxa2 18. Nxa2 Bg5 19. Bxg5 Qxg5 {1-0 (58) Fier,A (2558)-Idani,P (2611) Tianjin 2018}) 12... Nc8 13. a3 a4 {The position is equal.} 14. Nc1 Nb6 15. Qf2 Nfd7 16. Rd1 Bg5 $146 (16... Nc4 $11) ({Predecessor:} 16... Ra5 17. N1a2 Nc4 18. Bxc4 Bxc4 19. Nb4 {½-½ (55) Wurschner,M (2426)-Belak,S (2293) ICCF email 2010}) 17. Bxg5 $1 $16 Qxg5 18. Bb5 Qe7 19. Qd2 d5 20. Bxd7 (20. exd5 $16 Nxd5 21. Nxd5 (21. Bxd7 Nxc3 22. Qxc3 Bxd7 $11) 21... Qc5+ 22. Kh1 Qxb5 23. Nc7 Qxb2 24. Nd3) 20... Bxd7 (20... Qxd7 $11 {keeps the balance.} 21. exd5 Bf5) 21. Nxd5 Nxd5 22. exd5 Rac8 23. Nd3 e4 24. fxe4 Qxe4 25. Nb4 Qg6 26. Re1 Bf5 27. Rac1 Be4 28. c4 f5 29. d6 (29. Nd3 $1 $16) 29... b6 $11 30. Re2 Kh8 $2 (30... Rfd8 $11 {and Black has nothing to worry.}) 31. Qf4 $2 (31. d7 $18 Rcd8 32. c5 bxc5 33. Nd3 (33. Rxc5 $2 Qb6 $17)) 31... Rcd8 (31... Rfd8 $14) 32. Rd1 $16 Rf7 {[#]} (32... Qe6 $16) 33. Red2 $2 (33. d7 $1 $18 {[%mdl 512]}) 33... Rfd7 $14 34. g3 h6 35. Na2 Qe6 36. Rd4 Bc2 37. R1d2 g5 38. Qf3 Be4 39. Qc3 Kh7 $40 {[%mdl 128] Threatens to win with ...Bb1. Black is up to no good.} 40. Qb4 $2 {[%mdl 8192]} (40. Qe3 $11) 40... Ba8 $19 {[%cal Re6e1]} 41. R2d3 {[#]} b5 $2 ({Weaker is} 41... Qe2 42. Qd2 $14) (41... f4 $1 $19 {[%mdl 512] and Black stays clearly on top.} 42. Qd2 (42. gxf4 gxf4) 42... fxg3) 42. Qd2 $17 Be4 43. Re3 ({White should play} 43. Qe3 $15) 43... Rxd6 44. Rxd6 Rxd6 45. Qe2 Qxc4 46. Qxc4 bxc4 {[%mdl 4096] Endgame KRB-KRN} 47. Nc3 Bc6 48. Re5 Kg6 49. Rc5 Bf3 (49... Ba8 $15) 50. Kf2 $11 Bg4 51. Rd5 Rb6 52. Nxa4 Rb3 53. Rd2 Rf3+ 54. Kg2 Rd3 55. Rc2 Bd1 56. Rxc4 Rd2+ 57. Kg1 $1 Bf3 58. Rc3 g4 59. b4 $2 {[%mdl 8192]} (59. Nc5 $1 $15) 59... Rg2+ $19 60. Kf1 Rxh2 61. b5 $2 {[#]} (61. Nc5 f4 62. gxf4) 61... f4 $1 {[%mdl 512]} 62. gxf4 Kf5 63. b6 Kxf4 {( -> ...Rh1+)} 64. Rc4+ {[#]} Kg3 $1 {[%cal Rh2h1]} 65. Ke1 Re2+ 66. Kf1 Re8 (66... h5 $142 67. Nc5 Rf2+ 68. Ke1 Kg2) 67. Rc3 (67. Rc2 $142 Rf8 68. Kg1) 67... Rd8 {[%cal Rd8d1]} 68. Rc1 h5 {White must now prevent ...h4.} 69. Nc5 h4 {Black mates.} 70. Ne6 {[#]} h3 $1 {[%mdl 512]} 71. Nxd8 h2 {[%cal Rh2h1]} 72. Ke1 h1=Q+ 73. Kd2 Qh6+ {[%mdl 32768] Precision: White = 38%, Black = 48%. . Loss on Time!?} 1-0

[Event "17th Caspian Cup-Masters 2019"]
[Site "Anzali"]
[Date "2019.02.14"]
[Round "3.6"]
[White "Bernadskiy, Vitaliy"]
[Black "Naderi, M.sadegh"]
[Result "1-0"]
[WhiteElo "2570"]
[BlackElo "2242"]
[Annotator "TA"]
[PlyCount "104"]
[EventDate "2019.02.12"]
[EventType "swiss"]
[EventRounds "9"]
[EventCountry "IRI"]
[SourceTitle "playchess.com"]
[Source "ChessBase"]
[SourceQuality "1"]

{[%evp 14,104,34,18,38,29,64,54,34,53,64,51,66,60,56,60,64,25,50,0,17,0,107,0,68,27,47,10,0,0,103,112,111,112,89,45,44,47,39,29,61,55,82,22,45,34,104,97,107,107,107,107,107,107,245,217,238,250,206,151,440,410,623,629,1022,570,623,613,675,683,660,660,739,732,709,702,691,678,749,742,883,856,783,817,1064,1045,1047,1047,979,1021,917,918,770]} 1. e4 c6 2. d4 d5 3. e5 Bf5 4. Nf3 e6 5. Be2 Nd7 6. O-O Ne7 7. c3 h6 8. Na3 {[%cal Bb1a3,Ba3c2,Bc2e3][%mdl 32] LiveBook: 68 Games} g5 {B12: Caro-Kann: Advance Variation} (8... Qc7 9. b3 g5 10. c4 a6 11. Nc2 dxc4 12. bxc4 O-O-O 13. Bb2 Bg7 14. Qc1 c5 15. d5 exd5 16. cxd5 Nxd5 {½-½ (51) Sevian,S (2624)-Le,Q (2728) Philadelphia 2018}) 9. Nc2 Bg7 10. Ne3 Bg6 {White is slightly better.} 11. h4 $146 ({Predecessor:} 11. b4 Qc7 12. a4 O-O 13. h4 gxh4 14. Nxh4 Be4 15. f3 Bh7 16. f4 {½-½ (53) Acar,I (1688)-Uzuner,T (1961) Konya 2018}) 11... Qc7 12. hxg5 hxg5 13. Nxg5 O-O-O 14. f4 Bh6 15. Ng4 Nf5 {Threatening ...Bxg5.} 16. Nxh6 Rxh6 17. Kf2 {Threatens to win with g4.} c5 (17... Rdh8 $1 $11) 18. Bg4 ({Better is} 18. g4 $1 $16 {[%cal Rg4f5]} Rh2+ 19. Kg1 Rxe2 20. gxf5 (20. Qxe2 Ng3 $16)) 18... Ne7 (18... Rh4 $11) 19. Be3 Rdh8 20. Qa4 Kb8 21. Qa3 {[%cal Rd4c5]} Nb6 (21... Rh4 $11 22. Bh3 Bf5) 22. Qxc5 $16 Qxc5 23. dxc5 Na4 24. b4 Nxc3 25. Bf3 Rh2 26. a4 Ne4+ 27. Bxe4 $1 Bxe4 {[#]} 28. Rg1 ({Reject} 28. Nxe4 $6 dxe4 29. Ra3 Nf5 $11) (28. Nf3 $1 $16) 28... Nf5 $11 29. Rae1 $36 {[%mdl 2048] White has some pressure.} Nh6 (29... Nh4 $14 30. Nxe4 (30. Nxf7 Rh5 $17) 30... dxe4) 30. Nf3 Bxf3 31. Kxf3 Nf5 32. Bf2 Kc7 33. b5 a6 {[#]} (33... a5 $16 34. Rc1 Rg8) 34. c6 $1 $18 axb5 35. axb5 bxc6 36. Rc1 Ne7 $2 (36... Nh4+ $16 {might work better.} 37. Bxh4 R2xh4) 37. Ra1 Nc8 (37... Kb8 $142 38. Ra7 Nc8 39. Rxf7 R2h7) 38. Rgc1 {White is clearly winning.} Rd8 39. Rxc6+ Kb7 40. Rac1 d4 41. Rc7+ Kb8 {[#]} 42. Bxd4 $1 {[%mdl 512]} Rxd4 43. Rxc8+ {[%mdl 4096] Endgame KRR-KRR} Kb7 44. R8c7+ Kb6 45. Rxf7 Rd3+ 46. Ke4 Ra3 47. Rc6+ Kxb5 48. Rxe6 Rxg2 49. Rb7+ Kc5 50. Rc7+ Kb5 51. Re8 Kb6 52. Rc4 Kb7 {Precision: White = 68%, Black = 32%.} 1-0